| 000 | 01497nam0a2200349 4500 | ||
|---|---|---|---|
| 001 | RU\NLR\bibl\186177 | ||
| 005 | 20260406234128.0 | ||
| 010 |
_a5-7182-0015-7 _9100000 |
||
| 021 |
_aRU _b2000-55119 _92554 |
||
| 035 | _a(NLR Aleph) 000182741 | ||
| 090 |
_a1055273 _c1055273 |
||
| 100 | _a20010926d2001 |||y0rusy50 ca | ||
| 101 | 0 | _arus | |
| 102 | _aRU | ||
| 105 | _aa ||||||||| | ||
| 200 | 1 |
_aРЛС-Пациент _fРегистр лекарств. средств России _gГл. ред. Ю.Ф. Крылов |
|
| 205 | _a2-е изд., перераб. и доп. | ||
| 210 |
_aМ. _cРЛС-2000 _d2001 |
||
| 215 |
_a604, [1] с. _cил. _d20 |
||
| 320 | _aБиблиогр.: с. 602-604 (50 назв.) | ||
| 320 | _aУказ. препаратов и действующих веществ: с. 554-584 | ||
| 320 | _aУказ. заболеваний и болезн. состояний: с. 585-601 | ||
| 606 | 0 |
_aФармацевтические препараты _jСправочники _9902863 _3RU\NLR\auth\668494 |
|
| 686 | _aР28я22 | ||
| 702 | 1 |
_4340 _7ca _8rus _aКрылов _bЮ. Ф. _cд-р мед. наук, фармакология _f1938- _gЮрий Федорович _98402 _3RU\NLR\auth\7725353 |
|
| 712 | 0 | 2 |
_4570 _aРегистр лекарственных средств России _9470934 _3RU\NLR\AUTH\889987658 |
| 801 | 0 |
_aRU _bNLR _c20010926 _gPSBO |
|
| 801 | 1 |
_aRU _bNLR _c20010926 |
|
| 942 | _cBOOK | ||
| 980 | _aNB | ||